| 000 | 01053nam a2200217 u 4500 | ||
|---|---|---|---|
| 001 | 000546144 | ||
| 003 | AM-YeHGA | ||
| 005 | 20250617135752.0 | ||
| 008 | 070723s1988 ||| r 000 0 rus d | ||
| 040 | _aAM-YeHGA | ||
| 041 | 0 | _arus | |
| 100 | 1 | _aТяптиргянов, Матвей Матвеевич | |
| 245 | 1 | 0 |
_aАнтропогенная сукцессия водной экосистемы реки Хромы / _cМ.М. Тяптиргянов; АН СССР, Сиб. отд-ние, Якут. фил., Ин-т биологии. |
| 260 |
_aЯкутск : _bЯФ СО АН СССР, _c1988. |
||
| 300 |
_a95 с. : _bил. |
||
| 504 | _aБиблиогр.: с. 84-94 | ||
| 653 | 0 | _aЭкологические системы водные - Хрома, р.-бассейн - Значение антропогенного фактора | |
| 710 | 2 |
_aАкадемия наук СССР _bСибирское отделение _bЯкутский филиал |
|
| 710 | 2 | _aИнститут биологии СО АН СССР | |
| 090 | _c208335 | ||
| 999 |
_c206831 _d206831 |
||